000 00238nam a22001097a 4500
082 _a894.812
_bTHA/E
100 _aTHANKAPPAN,VAIKKOM
245 _aEDAVAZHIYIL KUDUNGIYA JEEVITHANGAL
300 _a79
650 _aSTORY
_zKERALA
942 _cBK
999 _c1800
_d1800